000 00571nam a2200157 i 4500
001 46719
003 ES-MaACL
005 20230906161432.0
007 t|
008 030331s1908 sp ||||1| spa d
110 2 _aAsociación Española para el Progreso de las Ciencias.
_bCongreso (
_n1º.
_d1908.
_cZaragoza)
_91691
245 1 0 _aAsociación Española para el Progreso de las Ciencias
_b: primer congreso celebrado en la ciudad de Zaragoza.
260 _aMadrid :
_b[s.n.,
_c1931] (
_fEduardo Arias)
300 _a8 t. en 3 v. ;
_c24 cm.
852 _aES-MaACL
_jD-8678-50
999 _c46719
_d46719